[Event "BL 1819 SV Werder Bremen - MSA Zugzwang"]
[Site "?"]
[Date "2019.02.02"]
[Round "7.3"]
[White "Bromberger, Stefan"]
[Black "Edouard, Romain"]
[Result "0-1"]
[WhiteElo "2477"]
[BlackElo "2643"]
[Annotator "Matthias Krallmann"]
[PlyCount "62"]
[EventDate "2019.??.??"]

{[%evp 0,62,21,18,35,-14,-16,-12,67,44,55,42,92,84,114,104,94,105,96,100,81,84,
93,93,65,85,57,57,56,26,45,2,-56,-234,-52,-111,-64,-54,-32,-67,-67,-47,-49,-49,
-67,-72,-72,-115,-85,-100,-94,-177,-142,-195,-171,-210,-123,-174,-175,-174,
-159,-240,-279,-259,-234]} 1. d4 Nf6 2. c4 e6 3. Nf3 c5 4. d5 d6 5. Nc3 exd5 6.
cxd5 g6 7. h3 Bg7 8. e4 a6 9. a4 Nbd7 10. Bd3 Nh5 11. O-O Ne5 12. Be2 Nxf3+ 13.
Bxf3 Qh4 14. Ra3 Be5 15. Bxh5 Bxh3 {[#] Eine komplizierte Stellung, die
während der Livekommentierung das Interesse der Zuschauer auf sich zog. Die
Drohung lautet Lg4 mit der Idee Dh2 und matt. Es ist sehr schwierig in einer
praktischen Partie hier den richtigen Verteidigungszug zu finden. Stefan
Bromberger scheiterte an dieser Aufgabe. Trotz geballter Sachkompetenz (FM
Stephan Buchal, FM David Höffer) wusste auch das Analyseteam nicht, wie man
sich hier am besten verteidigt.Der Computer findet natürlich die Lösung.} (
15... gxh5 16. Ne2 $14) 16. Ne2 $2 (16. gxh3 $2 Qxh3 17. f4 Bd4+ 18. Qxd4 cxd4
$19 19. Be2 dxc3 20. Rxc3 Qd7 21. f5 Rc8 22. Rg3 Qxa4 23. b3 Qd4+ 24. Be3 Qxe4
25. Rf4 Qb1+ 26. Kg2 Rc2 {0-1 (26) Wang,P (2455)-Nagy,G (2431) Kecskemet 2014})
(16. Qd3 $3 {Der einzige Zug, der den weißen Vorteil erhält.} Bxg2 (16... Bd7
17. f4 Bd4+ 18. Be3 Qxh5 (18... Bxe3+ 19. Qxe3 Qxh5 20. e5 O-O 21. Ne4 $18) 19.
Bxd4 cxd4 20. Qxd4 O-O 21. Qf6 Rfd8 22. Rb3 $18) 17. Kxg2 Qh2+ 18. Kf3 Qxh5+
19. Ke3 O-O 20. f4 Bg7 21. Qe2 Qh4 22. Kd2 f5 23. exf5 Rae8 24. Ne4 gxf5 25.
Qf2 $16) 16... Bg4 17. g3 Qxh5 18. f3 Bd7 {Schwarz hat einen Bauern gewonnen
und steht mit seinem Läuferpaar deutlich besser.} 19. Rf2 g5 20. Rh2 Qg6 21.
Qb3 b5 22. axb5 Bxb5 23. Qe3 Bxe2 24. Qxe2 O-O {[#] Stark gespielt. Romain
gibt seinen Mehrbauern zurück und macht sich stattdessen über die
geschwächte gegnerische Königstellung her.} 25. Rxa6 Rxa6 26. Qxa6 f5 27. Qd3
Bxg3 28. Rg2 f4 29. b4 cxb4 30. Bb2 g4 31. Rc2 Bh4 {Weiß hatte genug gesehen.
Auf fxg4 folgt f3 nebst Dxg4+ und Mattangriff. Eine mit viel Selbstvertrauen
vorgetragene Partie von Romain. Der Franzose ist nach 8 Runden mit 4 aus 4
Werders Topscorer.} 0-1

[Event "BL 1819 SV Werder Bremen - MSA Zugzwang"]
[Site "?"]
[Date "2019.02.02"]
[Round "7.6"]
[White "Spoelman, Wouter"]
[Black "Gerigk, Erasmus"]
[Result "1-0"]
[WhiteElo "2578"]
[BlackElo "2344"]
[Annotator "Matthias Krallmann"]
[PlyCount "81"]
[EventDate "2019.??.??"]

{[%evp 0,81,19,-12,-6,-14,-9,-14,-12,-31,-7,-7,6,-14,-2,3,54,17,29,14,43,-18,
221,13,70,29,72,74,130,64,144,159,128,123,156,191,191,166,126,67,138,123,168,
167,206,183,200,194,194,189,235,263,278,269,270,279,277,283,283,282,280,282,
322,322,331,342,349,343,372,367,385,393,407,403,422,440,447,436,451,443,460,
461,473,479]} 1. c4 e6 2. Nf3 d5 3. e3 Nf6 4. b3 Be7 5. Bb2 O-O 6. Nc3 c5 7.
cxd5 Nxd5 8. Qc2 Nc6 9. a3 b6 10. h4 {[#] Dieser interessante Zug wurde 2016
von Karjakin in die Turnierpraxis eingeführt. Weiß hat die Idee mit Sg5 den
schwachen Punkt h7 anzugreifen. Anand reagierte mit f5 um die Diagonale b1/h7
zu unterbrechen. Doch das schwächte die schwarze Stellung und Weiß gewann
überzeugend.} Kh8 $6 {Das verliert nur Zeit. Auf der h-Linie steht der
schwarze König nicht sicherer als auf der g-Linie.} (10... f5 11. Bb5 (11.
Nxd5 exd5 12. d4 Be6 13. Rd1 Rc8 14. Ba6 Rc7 15. dxc5 bxc5 16. O-O h6 17. Bc4
Kh8 18. Rd2 Bd6 19. Rfd1 Ne7 20. Be2 Rb7 21. Be5 {1/2-1/2 (21) Roiz,M (2614)
-Zanan,E (2482) Israel 2018}) 11... Bb7 12. Nxd5 exd5 13. d4 Rc8 14. dxc5 bxc5
15. O-O Bf6 16. Rfd1 Ne7 17. Bxf6 Rxf6 18. g3 Ba6 19. Bxa6 Rxa6 20. Qc3 Rb6 21.
Rac1 Qd6 22. Ne5 Rb7 23. Nd3 c4 24. bxc4 Rxc4 25. Qe5 Qxe5 26. Nxe5 Rxc1 27.
Rxc1 g6 28. Rc5 Kg7 29. Ra5 Kf6 30. Nd3 Rc7 31. Ra6+ Kg7 32. Nf4 Rd7 33. Kf1
Ng8 34. Ne6+ Kf7 35. Nd4 Ne7 36. Nb5 Nc8 37. a4 Rb7 38. Rc6 Ne7 39. Ra6 Nc8 40.
Rc6 Ne7 41. Rd6 Rb6 42. Rd7 a6 43. Nc3 {1-0 (43) Karjakin, S (2760)-Anand,V 
(2762) Moscow 2016 CBM 172 [Marin,M]}) 11. Rd1 Qc7 12. Nxd5 exd5 13. d4 {
Hier ist bereits guter Rat teuer. 13. ... c4 ist noch einigermaßen spielbar.}
f5 $2 (13... c4 14. bxc4 Na5 15. c5 Rb8 16. Ng5 f5 17. Be2 bxc5 18. dxc5 Nc4
19. Ba1 $16) (13... Qd6 14. dxc5 bxc5 15. Ng5 f5 16. Bc4 d4 17. O-O $16) (13...
Be6 14. Ng5 Bxg5 15. hxg5 f5 16. gxf6 gxf6 17. dxc5 Ne5 18. c6 $18) 14. dxc5
Bxc5 15. Rxd5 Be6 16. Rd2 {Weiß hat einen gesunden Mehrbauern.} a5 17. Ng5
Rae8 18. Bc4 Bxc4 19. Qxc4 Qe7 20. O-O Nb8 21. a4 Nd7 22. Rd5 h6 23. Nh3 Qf7
24. Nf4 Re4 {[#]} (24... Nf6 25. Bxf6 Qxf6 26. h5 Kh7 27. Ng6 Rg8 28. Qf4 $18)
25. Rxd7 $1 {Eine schöne Kombination bringt die Entscheidung.} Qxd7 26. Ng6+
Kh7 27. Qxc5 Rc8 28. Nf8+ Kg8 29. Nxd7 bxc5 30. Rc1 c4 31. Bd4 f4 32. bxc4 fxe3
33. fxe3 Kf7 34. g3 Ke7 35. Nb6 Rc6 36. c5 Rg4 37. Kf2 g5 38. h5 Re4 39. Nc4
Rc8 40. Nxa5 Kd7 41. Nc4 {Eine souveräne Gewinnpartie von Wouter!} 1-0

[Event "BL 1819 BCA Augsburg - SV Werder Bremen"]
[Site "?"]
[Date "2019.02.03"]
[Round "8.7"]
[White "Babula, Vlastimil"]
[Black "Schmittdiel, Eckhard"]
[Result "1-0"]
[WhiteElo "2546"]
[BlackElo "2435"]
[Annotator "Matthias Krallmann"]
[PlyCount "87"]
[EventDate "2019.??.??"]

{[%evp 0,87,19,9,17,0,30,24,30,32,53,24,25,35,43,27,86,77,68,13,59,74,85,83,93,
83,108,100,116,115,116,112,116,103,99,95,104,98,113,107,118,108,115,102,133,
110,115,116,111,109,109,119,93,94,124,136,167,155,214,130,167,175,175,179,183,
156,173,176,179,134,96,94,119,137,140,161,164,164,164,0,152,150,583,583,583,
647,654,680,680,695]} 1. d4 e6 2. c4 f5 3. g3 Nf6 4. Bg2 Bb4+ 5. Nd2 {Nach dem
Hauptzug 5.Ld2 hatte Babulas Gegner schon Erfahrungen gesammelt.} (5. Bd2 Be7
6. Nc3 O-O 7. Qb3 c5 8. d5 e5 9. e4 d6 10. exf5 Bxf5 11. Qxb7 Nbd7 12. Qa6 Bd3
13. Nge2 e4 14. Nf4 Ne5 15. b3 Qd7 16. h3 Rf7 17. O-O-O g5 18. Ne6 Nxd5 19.
Nxe4 Qxe6 20. Nxc5 Qf6 21. Bxd5 Nf3 22. Nxd3 Qa1+ 23. Kc2 Nd4# {0-1 (23)
Peelen,P (2364)-Schmittdiel,E (2439) Germany 2012}) 5... O-O 6. Ngf3 d5 7. O-O
c6 8. Qc2 Ne4 {[#]} 9. Ne1 {Ein bescheiden anmutender, aber keineswegs
unlogischer Rückzug. Weiß will den Springer auf e4 mittels f3 vertreiben und
der Springer von e1 strebt nach d3, wo er viele wichtige Felder kontrolliert 
(b4, c5.e5,f4).} (9. Ne5 Bd6 10. Nxe4 fxe4 11. Bf4 $16 {1/2-1/2 (48) Georgiev,
K (2595)-Klinger,J (2505) San Bernardino 1988}) 9... b5 {Ich bezweifele, dass
das der beste Aufbau für Schwarz ist. Das Feld c5 ist nun nicht mehr von
einem schwarzen Bauern zu kontrollieren. Babula macht sich konsequenterweise
sofort daran einen weißen Springer auf dieses Feld zu überführen.} 10. cxb5
cxb5 11. Nd3 Bd6 12. Nb3 Bb7 13. f3 Nf6 14. Nbc5 Bxc5 15. Nxc5 Qb6 16. Bf4 {
Weiß hat hier einen schönen Eröffnungsvorteil herausgespielt. 16. ... Sa6
wirkt unharmonisch, aber auch nach anderen schwarzen Zügen steht Weiß besser.
} Na6 (16... Nbd7 17. Rfc1 Nxc5 18. dxc5 (18. Qxc5 Qa6 19. Qb4 Rac8 20. b3
Rxc1+ 21. Rxc1 Rc8 22. Rxc8+ Bxc8 23. Qc5 $16) 18... Qc6 19. Bd6 Rfc8 20. e3
$16) (16... Nc6 17. e3 Rae8 18. Rfc1 e5 19. Nxb7 Qxb7 20. Bg5 $16) (16... a5
17. Rac1 Rc8 18. Qb3 Nbd7 19. Qe3 $16) 17. Rac1 Rac8 18. Qd3 Nxc5 19. dxc5 Qa5
20. a3 Bc6 21. Qd4 Rf7 22. Rc3 Re8 23. Re3 Qa4 24. b4 a5 25. Be5 Nd7 26. Bd6 {
[#]} axb4 $2 (26... e5 {Das wäre jetzt konsequent gewesen. Weiß verbleibt
nach einer längeren Zugfolge nur noch ein kleiner Vorteil.} 27. Bxe5 Rxe5 28.
Rxe5 Nxe5 29. Qxe5 axb4 30. Qe6 Ba8 31. f4 (31. c6 Qa7+ 32. Kh1 Qc5 33. f4 Qxc6
34. Qxc6 Bxc6 35. axb4 $14) 31... bxa3 32. c6 Qa7+ 33. Kh1 Qe7 34. Qxd5 h6 (
34... b4 $2 35. Rd1 $18) 35. Qxb5 $16) 27. axb4 e5 $2 (27... Qc2 28. Ra1 Qc4
29. Qb2 $16) 28. Qb2 $1 (28. Ra1 Qc2 29. Bxe5 Qc4 30. Rc3 Qxd4+ 31. Bxd4 Rxe2
32. Rd3 $16) 28... Qa8 29. Bxe5 Rfe7 30. f4 Nxe5 31. fxe5 g6 32. Qd4 Re6 33.
Bf3 h5 {[#] Weiß hat einen Bauern mehr und den besseren Läufer. Auch bei
einer ruhigen Fortsetzung behauptet Vlastimil hier seinen Vorteil. Doch er war
in Opferlaune und so sehen die Zuschauer einen schönen Partieabschluss.} 34.
Bxh5 (34. Ra1 Qb7 35. Rea3 R8e7 36. Ra6 Kh7 37. Rb6 Qd7 38. Raa6 Qe8 39. e3 Bb7
40. Rxe6 Rxe6 41. Ra7 $18) 34... gxh5 35. Rxf5 Rg6 36. Rxh5 Qa2 37. e6 Qb1+ 38.
Kg2 Rg7 39. Ree5 $2 {Ein Wackler im vorletzten Zug vor der Zeitkontrolle.} (39.
e7 Rexe7 40. Rxe7 Rxe7 41. Rh8+ Kf7 42. Qf4+ Ke6 43. Rh6+ Kd7 44. Qd6+ $18)
39... Qg6 $2 {Schmittdiel revanchiert sich und spielt ebenfalls einen
schwachen Zug. Hätte er die Gelegenheit beim Schopf ergriffen, hätte er hier
ein Remis forcieren können.} (39... Rf8 40. g4 Qf1+ 41. Kg3 Qe1+ 42. Kg2 Qf1+
$11) 40. e7 $2 (40. Qh4 d4+ 41. Kh3 Rxe6 42. Ref5 $18) 40... Qf6 $2 {[#] Der
letzte Zug vor der Zeitkontrolle und der letzte Fehler.} (40... Qg4 41. Qxg4
Rxg4 42. Rh6 Bd7 43. h3 Re4 44. Rxe4 dxe4 45. g4 $16) 41. Rh8+ $1 Kf7 42. Rf8+
Rxf8 43. exf8=Q+ Kxf8 44. Re8+ {Eine schöne Schlusskombination!} 1-0

[Event "LL Nord SV Osn. - Werder 3"]
[Site "?"]
[Date "2019.01.20"]
[Round "5.3"]
[White "Colbow, Collin "]
[Black "Wostmann, Hans-Joachim "]
[Result "1-0"]
[WhiteElo "2086"]
[BlackElo "2096"]
[Annotator "Stephan Buchal"]
[PlyCount "57"]
[EventDate "2019.??.??"]

1. e4 e6 2. d4 d5 3. Nd2 Nf6 4. e5 Nfd7 5. Bd3 c5 6. c3 Nc6 7. Ne2 cxd4 8. cxd4
Qb6 9. Nf3 f6 {[#]} 10. O-O {Ein interessantes Bauenopfer ... die
Hauptvariante ist ...} (10. exf6 Nxf6 11. O-O Bd6 {... tausendfach gespielt.})
10... fxe5 11. dxe5 Ndxe5 12. Nxe5 Nxe5 13. Be3 Bc5 (13... Qc7) (13... Qd8) 14.
Nf4 $1 $16 {[#] Das ist die eigentliche Pointe der Eröffnungsidee. Weiß hat
reichlich Kompensation für den geopferten Bauern.} Nf7 $6 (14... Bxe3 $2 {
ist naheliegend, aber geht gar nicht:} 15. Qh5+ Nf7 16. fxe3 $18) (14... g6 $6
{jetzt folgt ein doppeltes Figurenopfer:} 15. Nxd5 $1 exd5 16. Bb5+ $1 Qxb5 17.
Qxd5 $16 {und Schwarz verliert beide Mehrfiguren bei schlechterer Stellung}) (
14... O-O $5 {vielleicht am besten, aber} 15. Bxc5 Qxc5 16. Bxh7+ Kxh7 17. Qh5+
Kg8 18. Qxe5 {mit stabilem Vorteil für Weiß}) 15. Qh5 $6 (15. Qa4+ $142 $1
Bd7 16. Bxc5 Qxc5 17. Nxe6 $1 Bxa4 18. Nxc5 Bc6 19. Rfe1+ Kf8 20. Ne6+ Kg8 21.
b4 {mit großem Vorteil für Weiß}) 15... g6 16. Qe2 Bxe3 17. Bb5+ Bd7 18.
Bxd7+ Kxd7 19. fxe3 {Die Engine sieht hier Schwarz in Vorteil, aber die
Stellung ist schwer zu spielen und Collin operiert ideenreich bis der Gegner
zusammenbricht.} Ne5 20. Rad1 Raf8 21. Kh1 Kc8 22. a4 Nc4 23. b3 $1 Qxb3 24.
Qg4 Rf5 $2 25. Nxe6 Ne5 26. Rc1+ Kb8 27. Qd4 {[#]} Rxf1+ $2 (27... Qc4 $1 $11 {
Einziger Zug!}) 28. Rxf1 $18 Qc4 29. Qxe5+ {Eine schwungvolle Partie.} 1-0